Ricordando Casadei (Record n. 100334)

Dettagli MARC
000 -LEADER
fixed length control field 01739njm a2200361Ia 4500
001 - CONTROL NUMBER
control field 24073
003 - CONTROL NUMBER IDENTIFIER
control field IT-RoPAU
005 - DATE AND TIME OF LATEST TRANSACTION
control field 20220918181128.0
008 - FIXED-LENGTH DATA ELEMENTS--GENERAL INFORMATION
fixed length control field 131025s9999 xx 000 0 und d
040 ## - CATALOGING SOURCE
Original cataloging agency IT-RoPAU
040 ## - CATALOGING SOURCE
Transcribing agency IT-RoPAU
041 ## - LANGUAGE CODE
Language code of text/sound track or separate title ITALIANO
999 ## - SYSTEM CONTROL NUMBERS (KOHA)
Koha Dewey Subclass [OBSOLETE] n.d.
100 ## - MAIN ENTRY--PERSONAL NAME
Personal name Casadei Secondo
9 (RLIN) 8559
100 ## - MAIN ENTRY--PERSONAL NAME
Relator term Autore musica
9 (RLIN) 8560
100 ## - MAIN ENTRY--PERSONAL NAME
Miscellaneous information Codice autore musica SPICS: 7935
9 (RLIN) 8561
245 ## - TITLE STATEMENT
Title Ricordando Casadei
250 ## - EDITION STATEMENT
Edition statement 1a ed.
260 ## - PUBLICATION, DISTRIBUTION, ETC. (IMPRINT)
Place of publication, distribution, etc. VARESE
260 ## - PUBLICATION, DISTRIBUTION, ETC. (IMPRINT)
Name of publisher, distributor, etc. EMI ITALIANA
Date of publication, distribution, etc. 1971 [1a Ed.:1971]
300 ## - PHYSICAL DESCRIPTION
Extent DISCO
300 ## - PHYSICAL DESCRIPTION
Dimensions 42 minuti (Testo: pag.)
500 ## - GENERAL NOTE
General note Canzone popolare italiana. Musica folk. Emilia Romagna
505 ## - FORMATTED CONTENTS NOTE
Formatted contents note Romagna mia - Carnevale romagnolo - Balè burdeli - Bella figlia romagnola - Un bes in bicicleta - Sangue romagnolo - Beli fioli - In bocca al lupo - Mamma mia mamma (4:00) - A sem di rumagnul (3:00) - Nadel in Rumagna (4:00) - Non prender moglie (3:00) - Romagna a primavera (4:00) - Burdela campagnola (3:00)
650 ## - SUBJECT ADDED ENTRY--TOPICAL TERM
Topical term or geographic name as entry element POPOLARE [DISCHI]
Relator term Codice MATERIA SPICS: 9950
9 (RLIN) 8562
700 ## - ADDED ENTRY--PERSONAL NAME
Personal name Casadei Secondo
Dates associated with a name Codice autore musica e interprete SPICS: 7935
Relator term Autore musica e interprete
9 (RLIN) 8563
700 ## - ADDED ENTRY--PERSONAL NAME
Personal name Fagiolini
Dates associated with a name Codice autore SPICS: 26696
Relator term Autore
Name of part/section of a work Mamma mia mamma
9 (RLIN) 8564
700 ## - ADDED ENTRY--PERSONAL NAME
Personal name Tovani
Dates associated with a name Codice autore testo/musica SPICS: 26722
Relator term Autore testo/musica
Name of part/section of a work Mamma mia mamma
9 (RLIN) 8565
700 ## - ADDED ENTRY--PERSONAL NAME
Personal name Lucchi Primo
Dates associated with a name Codice autore musica SPICS: 26650
Relator term Autore musica
Name of part/section of a work A sem di rumagnul - Romagna a primavera
9 (RLIN) 8566
700 ## - ADDED ENTRY--PERSONAL NAME
Personal name Casadei Raoul
Dates associated with a name Codice autore musica SPICS: 7936
Relator term Autore musica
Name of part/section of a work Nadel in rumagna - Burdela campagnola
9 (RLIN) 8567
700 ## - ADDED ENTRY--PERSONAL NAME
Personal name Buda
Dates associated with a name Codice autore musica SPICS: 26651
Relator term Autore musica
Name of part/section of a work Non prender moglie
9 (RLIN) 8568
942 ## - ADDED ENTRY ELEMENTS (KOHA)
Koha item type DISCHI
Source of classification or shelving scheme Dewey Decimal Classification
Dati di copia
Withdrawn status Lost status Damaged status Not for loan Home library Current library Date acquired Total Checkouts Full call number Date last seen Price effective from Koha item type Public note
    Buone Condizioni Not For Loan SPICS-MEDIATECA SPICS-MEDIATECA 25/10/2013   24073 25/10/2013 25/10/2013 DISCHI Progr. Ins.: 4920 / N.Vol.: 1 / Copie: 1 - Copia rara: n.d. / date import: 01.01.2014 - By Epidotti, Trombetti, Vaglietti
CREDITS: SOCIETA' SAN PAOLO Via A.Severo, 58 - ROMA (RM) & PERIODICI SAN PAOLO SRL Via Giotto, 36 MILANO & CISF Via Giotto, 36 MILANO & EDIZIONI SAN PAOLO SRL,  Piazza Soncino, 5 CINISELLO BALSAMO (MI) -- ITALY